| 000 | 00757nac a22002171u 4500 | ||
|---|---|---|---|
| 010 | _a 96021933 | ||
| 020 | _a0133984885 | ||
| 020 | _a0135734789 : | ||
| 082 | 0 | 0 |
_a621.395 _bF645 |
| 090 |
_c4695 _d4695 |
||
| 100 | _aFloyd, Thomas L. | ||
| 245 | 1 | 0 |
_aDigital fundamentals / _cThomas L. Floyd. |
| 250 |
_a6th ed. _binternational edition |
||
| 260 |
_aEnglewood Cliffs, N.J. : _bPrentice Hall,c1997. _cc1997. |
||
| 300 |
_a1 v. (various pagings) : _bill. (some col.) ; _c29 cm. |
||
| 500 | _aIncludes index. | ||
| 650 | 0 | _aDigital electronics. | |
| 650 | 0 | _aLogic circuits. | |
| 942 |
_cBB _k621.395F645 |
||
| 999 |
_c4695 _d4695 |
||